|
|
|
|
| LEADER |
00585nam a22001697a 4500 |
| 020 |
|
|
|a 9789382934417
|
| 082 |
|
|
|a M 305.42
|b ASG/I
|
| 100 |
|
|
|a Asghar Ali Engineer
|9 161152
|
| 245 |
|
|
|a Islamika Feminism/
|c by Asghar Ali Engineer
|
| 260 |
|
|
|a Kozhikode:
|b Olive Publications,
|c 2015.
|
| 300 |
|
|
|a 178p.
|
| 650 |
|
|
|a Islam Feminism
|9 161153
|
| 650 |
|
|
|a Feminism
|9 161154
|
| 650 |
|
|
|a Social Sciences
|9 161155
|
| 942 |
|
|
|c BK
|
| 999 |
|
|
|c 142022
|d 142022
|
| 952 |
|
|
|0 0
|1 0
|4 0
|6 M_305_420000000000000_ASG_I
|7 0
|9 98282
|a SSUS
|b SSUS
|c STACKS
|d 2019-05-15
|g 150.00
|o M 305.42 ASG/I
|p 094663
|r 2019-05-15
|w 2019-05-15
|y BK
|